[Event "8th Vellmar Chess Days"]
[Site "chess24.com"]
[Date "2016.07.30"]
[Round "4"]
[White "Henkemeier, Michael"]
[Black "Langedijk, Ardjan"]
[Result "1/2-1/2"]
[Board "18"]
[WhiteElo "1942"]
[WhiteCountry "GER"]
[WhiteFideId "24611379"]
[WhiteEloChange "4"]
[BlackElo "2101"]
[BlackCountry "NED"]
[BlackFideId "1004212"]
[BlackEloChange "-4"]

1. d4 {[%clk 1:30:30]} d5 {[%clk 1:30:30]} 2. Nf3 {[%clk 1:30:40]} Nf6 {[%clk
1:30:30]} 3. c4 {[%clk 1:30:40]} e6 {[%clk 1:30:37]} 4. Bg5 {[%clk 1:29:49]} Be7
{[%clk 1:30:47]} 5. Nc3 {[%clk 1:29:32]} h6 {[%clk 1:31:04]} 6. Bh4 {[%clk
1:28:54]} O-O {[%clk 1:31:04]} 7. e3 {[%clk 1:29:12]} b6 {[%clk 1:31:04]} 8. Bd3
{[%clk 1:27:01]} Bb7 {[%clk 1:30:55]} 9. O-O {[%clk 1:24:21]} Ne4 {[%clk
1:12:20]} 10. Bxe7 {[%clk 1:21:41]} Qxe7 {[%clk 1:11:49]} 11. cxd5 {[%clk
1:11:22]} exd5 {[%clk 1:06:01]} 12. Rc1 {[%clk 1:11:04]} c6 {[%clk 0:58:56]} 13.
Ne5 {[%clk 1:08:16]} Nxc3 {[%clk 0:55:11]} 14. Rxc3 {[%clk 1:05:51]} c5 {[%clk
0:55:21]} 15. b3 {[%clk 1:05:36]} Na6 {[%clk 0:42:53]} 16. Qg4 {[%clk 1:02:12]}
Nc7 {[%clk 0:38:11]} 17. Rfc1 {[%clk 0:59:34]} Bc8 {[%clk 0:33:43]} 18. Qh5
{[%clk 0:56:39]} Ne6 {[%clk 0:32:20]} 19. Qf3 {[%clk 0:50:40]} Bb7 {[%clk
0:27:39]} 20. Qf5 {[%clk 0:46:16]} g6 {[%clk 0:23:28]} 21. Nxg6 {[%clk 0:45:42]}
fxg6 {[%clk 0:23:47]} 22. Qxg6+ {[%clk 0:45:57]} Ng7 {[%clk 0:24:01]} 23. Qxh6
{[%clk 0:43:27]} Rf6 {[%clk 0:19:48]} 24. Qh7+ {[%clk 0:40:40]} Kf7 {[%clk
0:19:31]} 25. dxc5 {[%clk 0:40:38]} Rc8 {[%clk 0:18:40]} 26. cxb6 {[%clk
0:36:23]} Rxc3 {[%clk 0:18:43]} 27. Rxc3 {[%clk 0:35:01]} axb6 {[%clk 0:18:58]}
28. Qh4 {[%clk 0:34:04]} Qe5 {[%clk 0:18:10]} 29. Rc1 {[%clk 0:26:05]} Qd6 {[%clk
0:18:09]} 30. Qg3 {[%clk 0:21:10]} Qxg3 {[%clk 0:17:00]} 31. hxg3 {[%clk
0:21:25]} Ne6 {[%clk 0:16:34]} 32. b4 {[%clk 0:21:36]} Ke7 {[%clk 0:16:20]} 33.
a4 {[%clk 0:21:36]} Kd6 {[%clk 0:16:24]} 34. g4 {[%clk 0:18:09]} Rf8 {[%clk
0:16:05]} 35. Bf5 {[%clk 0:08:54]} Ng7 {[%clk 0:15:28]} 36. Bd3 {[%clk 0:07:13]}
Ne6 {[%clk 0:15:25]} 37. Rd1 {[%clk 0:07:13]} Ra8 {[%clk 0:09:02]} 38. Bc2 {[%clk
0:06:02]} Ke7 {[%clk 0:04:21]} 39. Bb3 {[%clk 0:05:25]} Rd8 {[%clk 0:04:38]} 40.
f4 {[%clk 0:03:27]} Kf6 {[%clk 0:02:09]} 41. Kf2 {[%clk 0:02:01]} d4 42. Rh1
dxe3+ 43. Kxe3 Nxf4 44. Kxf4 Rd4+ 45. Ke3 Rxb4 46. Rf1+ Kg7 47. Rf7+ Kg6 48. Rxb7
Rxb3+ 49. Kd2 Rb4 50. Kc3 Rxa4 51. Rxb6+ Kg5 52. Rb5+ Kxg4 1/2-1/2

[Event "8th Vellmar Chess Days"]
[Site "chess24.com"]
[Date "2016.07.30"]
[Round "4"]
[White "Bub, Volker"]
[Black "Woelk, Tom-Frederic"]
[Result "1/2-1/2"]
[Board "19"]
[WhiteElo "2063"]
[WhiteCountry "GER"]
[WhiteFideId "4618963"]
[WhiteEloChange "-3"]
[BlackElo "1943"]
[BlackCountry "GER"]
[BlackFideId "12993077"]
[BlackEloChange "3"]

1. e4 {[%clk 1:29:29]} c5 {[%clk 1:30:56]} 2. d3 {[%clk 1:29:37]} Nc6 {[%clk
1:30:59]} 3. g3 {[%clk 1:29:59]} g6 {[%clk 1:31:20]} 4. Bg2 {[%clk 1:30:20]} Bg7
{[%clk 1:31:46]} 5. f4 {[%clk 1:30:28]} e6 {[%clk 1:32:05]} 6. Nf3 {[%clk
1:30:42]} Nge7 {[%clk 1:32:29]} 7. O-O {[%clk 1:30:49]} O-O {[%clk 1:32:46]} 8.
c3 {[%clk 1:31:11]} b6 {[%clk 1:21:06]} 9. Be3 {[%clk 1:31:10]} Bb7 {[%clk
1:20:59]} 10. Bf2 {[%clk 1:29:35]} Qc7 {[%clk 1:18:38]} 11. Na3 {[%clk 1:28:45]}
a6 {[%clk 1:17:53]} 12. Nc2 {[%clk 1:29:05]} f5 {[%clk 1:13:39]} 13. e5 {[%clk
1:27:03]} Nd5 {[%clk 1:08:44]} 14. Qd2 {[%clk 1:25:47]} Rad8 {[%clk 1:08:49]} 15.
d4 {[%clk 1:21:20]} cxd4 {[%clk 1:06:24]} 16. Nfxd4 {[%clk 1:20:56]} Na5 {[%clk
1:01:47]} 17. Ne3 {[%clk 1:16:42]} Nxe3 {[%clk 0:59:10]} 18. Qxe3 {[%clk
1:17:05]} Bxg2 {[%clk 0:58:14]} 19. Kxg2 {[%clk 1:17:27]} Rfe8 {[%clk 0:56:02]}
20. Nf3 {[%clk 1:14:21]} Nc4 {[%clk 0:55:20]} 21. Qe2 {[%clk 1:14:42]} b5 {[%clk
0:54:42]} 22. a4 {[%clk 1:10:52]} Rb8 {[%clk 0:43:51]} 23. axb5 {[%clk 0:59:58]}
Rxb5 {[%clk 0:38:55]} 24. b4 {[%clk 0:59:31]} d6 {[%clk 0:23:55]} 25. Rxa6 {[%clk
0:58:29]} dxe5 {[%clk 0:22:43]} 26. Bc5 {[%clk 0:46:21]} Qb7 {[%clk 0:19:15]} 27.
Rfa1 {[%clk 0:34:12]} Qd5 {[%clk 0:17:48]} 28. Rd1 {[%clk 0:33:08]} Qe4 {[%clk
0:17:41]} 29. Kf2 {[%clk 0:28:06]} exf4 {[%clk 0:16:16]} 30. gxf4 {[%clk
0:24:58]} Bxc3 {[%clk 0:14:18]} 31. Rc1 {[%clk 0:23:37]} Qxe2+ {[%clk 0:14:12]}
32. Kxe2 {[%clk 0:24:06]} Bxb4 {[%clk 0:14:30]} 33. Bd4 {[%clk 0:21:45]} Na5
{[%clk 0:12:10]} 34. Rc7 {[%clk 0:20:55]} Be7 {[%clk 0:07:04]} 35. Raa7 {[%clk
0:20:05]} Kf8 {[%clk 0:06:19]} 36. Be5 {[%clk 0:08:24]} Nb3 {[%clk 0:04:26]} 37.
Kd3 {[%clk 0:06:45]} Rc5 {[%clk 0:03:09]} 38. Ng5 {[%clk 0:02:09]} Rd8+ {[%clk
0:00:42]} 39. Ke2 {[%clk 0:02:38]} Rxe5+ {[%clk 0:01:05]} 40. fxe5 {[%clk
0:02:57]} Bxg5 {[%clk 0:01:30]} 41. Rf7+ {[%clk 0:03:21]} Kg8 {[%clk 0:28:53]}
42. Rg7+ {[%clk 0:32:31]} Kh8 {[%clk 0:27:57]} 43. Rxh7+ {[%clk 0:32:52]} Kg8
{[%clk 0:27:57]} 44. h4 {[%clk 0:26:26]} Bf4 {[%clk 0:28:19]} 45. Rhg7+ {[%clk
0:24:49]} Kh8 {[%clk 0:27:41]} 46. Rh7+ {[%clk 0:24:24]} 1/2-1/2

[Event "8th Vellmar Chess Days"]
[Site "chess24.com"]
[Date "2016.07.30"]
[Round "4"]
[White "Guelsen, Taylan"]
[Black "Krueger, Stefan"]
[Result "0-1"]
[Board "20"]
[WhiteElo "2063"]
[WhiteCountry "GER"]
[WhiteFideId "24603635"]
[WhiteEloChange "-14"]
[BlackElo "1936"]
[BlackCountry "GER"]
[BlackFideId "12990418"]
[BlackEloChange "14"]

1. Nf3 {[%clk 1:29:45]} d5 {[%clk 1:29:52]} 2. c4 {[%clk 1:30:09]} d4 {[%clk
1:29:48]} 3. e3 {[%clk 1:30:29]} Nc6 {[%clk 1:29:42]} 4. b4 {[%clk 1:20:37]} dxe3
{[%clk 1:29:27]} 5. fxe3 {[%clk 1:21:00]} Nxb4 {[%clk 1:29:44]} 6. Qa4+ {[%clk
1:21:11]} Nc6 {[%clk 1:29:45]} 7. Ne5 {[%clk 1:18:33]} Bd7 {[%clk 1:22:32]} 8.
Nxd7 {[%clk 1:17:10]} Qxd7 {[%clk 1:22:59]} 9. d4 {[%clk 1:17:09]} e5 {[%clk
1:20:51]} 10. d5 {[%clk 1:15:42]} Nb4 {[%clk 1:20:24]} 11. Qxd7+ {[%clk 1:03:47]}
Kxd7 {[%clk 1:20:37]} 12. Na3 {[%clk 1:03:12]} Bc5 {[%clk 1:16:24]} 13. Be2
{[%clk 1:02:29]} Nf6 {[%clk 1:06:48]} 14. O-O {[%clk 0:58:54]} Ke7 {[%clk
1:00:40]} 15. Rf5 {[%clk 0:50:40]} Nd7 {[%clk 0:58:30]} 16. Kh1 {[%clk 0:46:27]}
a6 {[%clk 0:43:29]} 17. Bb2 {[%clk 0:21:09]} g6 {[%clk 0:40:54]} 18. Rf3 {[%clk
0:21:15]} f5 {[%clk 0:39:14]} 19. Rh3 {[%clk 0:13:29]} Rhf8 {[%clk 0:27:31]} 20.
Rxh7+ {[%clk 0:13:24]} Rf7 {[%clk 0:27:50]} 21. Rh6 {[%clk 0:13:30]} Rg8 {[%clk
0:27:20]} 22. Rb1 {[%clk 0:09:33]} Bxe3 {[%clk 0:24:48]} 23. Bc3 {[%clk 0:06:45]}
Nxd5 {[%clk 0:18:50]} 24. cxd5 {[%clk 0:06:26]} Bxh6 {[%clk 0:19:07]} 25. Rxb7
{[%clk 0:06:45]} Rc8 {[%clk 0:10:58]} 26. Bxa6 {[%clk 0:04:59]} Be3 {[%clk
0:06:19]} 27. Bc4 {[%clk 0:03:49]} Rf6 {[%clk 0:05:26]} 28. Nb5 {[%clk 0:03:59]}
Rb6 {[%clk 0:05:04]} 29. Bb4+ {[%clk 0:03:11]} Kd8 {[%clk 0:04:33]} 30. Rxb6
{[%clk 0:02:53]} Nxb6 {[%clk 0:03:34]} 31. Bb3 {[%clk 0:03:10]} Ra8 {[%clk
0:02:21]} 32. g3 {[%clk 0:03:08]} Kd7 {[%clk 0:02:24]} 33. Kg2 {[%clk 0:03:01]}
Na4 {[%clk 0:02:11]} 34. h4 {[%clk 0:01:46]} Bc5 {[%clk 0:01:54]} 35. Bd2 {[%clk
0:01:58]} Bd6 {[%clk 0:02:02]} 36. Bc4 {[%clk 0:01:20]} Nc5 {[%clk 0:02:09]} 37.
Nc3 {[%clk 0:01:23]} e4 {[%clk 0:02:23]} 38. a4 {[%clk 0:01:38]} Ke7 {[%clk
0:01:59]} 39. Bb5 {[%clk 0:01:41]} Be5 {[%clk 0:01:19]} 40. Bc6 {[%clk 0:00:56]}
Rb8 {[%clk 0:00:53]} 41. Nb5 {[%clk 0:28:37]} Nb3 {[%clk 0:24:24]} 42. Bg5+
{[%clk 0:26:56]} Kf7 {[%clk 0:21:58]} 43. d6 {[%clk 0:26:33]} Bxd6 {[%clk
0:13:15]} 44. Bd5+ {[%clk 0:26:48]} Kg7 {[%clk 0:13:34]} 45. Bxb3 {[%clk
0:27:01]} c6 {[%clk 0:10:27]} 46. Nd4 {[%clk 0:20:15]} Rb4 {[%clk 0:09:01]} 47.
Ne6+ {[%clk 0:19:35]} Kh7 {[%clk 0:08:51]} 48. Bd1 {[%clk 0:18:54]} Rb1 {[%clk
0:07:50]} 49. Be2 {[%clk 0:18:40]} Ra1 {[%clk 0:06:11]} 50. Bf6 {[%clk 0:17:41]}
Rxa4 {[%clk 0:06:08]} 51. Ng5+ {[%clk 0:16:02]} Kg8 {[%clk 0:06:28]} 52. h5
{[%clk 0:16:16]} gxh5 {[%clk 0:05:09]} 53. Bxh5 {[%clk 0:16:32]} Ra3 {[%clk
0:04:02]} 54. g4 {[%clk 0:16:13]} fxg4 {[%clk 0:04:15]} 55. Nxe4 {[%clk 0:15:38]}
Ra2+ {[%clk 0:04:13]} 56. Kg1 {[%clk 0:10:37]} Bh2+ {[%clk 0:04:00]} 57. Kh1
{[%clk 0:10:25]} Re2 {[%clk 0:02:52]} 58. Ng5 {[%clk 0:08:43]} Bf4 {[%clk
0:02:36]} 59. Bxg4 {[%clk 0:08:11]} Re1+ {[%clk 0:02:58]} 60. Kg2 {[%clk
0:08:27]} Bxg5 {[%clk 0:03:10]} 61. Bxg5 {[%clk 0:08:11]} c5 {[%clk 0:02:34]} 62.
Bd2 {[%clk 0:08:03]} Re4 {[%clk 0:02:45]} 63. Bf5 {[%clk 0:08:16]} Re2+ {[%clk
0:03:05]} 64. Kf3 {[%clk 0:08:27]} Rxd2 {[%clk 0:03:26]} 65. Ke3 {[%clk 0:08:50]}
Rd4 {[%clk 0:03:49]} 66. Be6+ {[%clk 0:09:03]} Kg7 {[%clk 0:04:12]} 67. Bb3
{[%clk 0:09:18]} Kf6 {[%clk 0:04:33]} 68. Bc2 {[%clk 0:09:39]} Ke5 {[%clk
0:04:55]} 69. Bh7 {[%clk 0:09:46]} c4 {[%clk 0:05:04]} 70. Bg6 {[%clk 0:10:05]}
c3 {[%clk 0:05:24]} 71. Bd3 {[%clk 0:10:08]} Kd5 {[%clk 0:05:08]} 72. Ke2 {[%clk
0:10:30]} Kc5 {[%clk 0:05:15]} 73. Ke3 {[%clk 0:10:53]} Rd6 {[%clk 0:05:20]} 0-1

[Event "8th Vellmar Chess Days"]
[Site "chess24.com"]
[Date "2016.07.30"]
[Round "4"]
[White "Gorzinski, Dariusz"]
[Black "Bethke, Richard"]
[Result "1-0"]
[Board "21"]
[WhiteElo "2047"]
[WhiteCountry "GER"]
[WhiteFideId "1271836"]
[WhiteEloChange "4"]
[BlackElo "1800"]
[BlackCountry "GER"]
[BlackFideId "12959243"]
[BlackEloChange "-4"]

1. e4 {[%clk 1:30:58]} c5 {[%clk 1:30:57]} 2. c3 {[%clk 1:31:23]} d5 {[%clk
1:31:24]} 3. exd5 {[%clk 1:31:46]} Qxd5 {[%clk 1:31:48]} 4. d4 {[%clk 1:32:06]}
cxd4 {[%clk 1:31:51]} 5. Nf3 {[%clk 1:32:07]} Nc6 {[%clk 1:31:06]} 6. cxd4 {[%clk
1:31:45]} Bg4 {[%clk 1:30:50]} 7. Nc3 {[%clk 1:31:37]} Qh5 {[%clk 1:30:51]} 8.
Be2 {[%clk 1:28:38]} e5 {[%clk 1:26:28]} 9. d5 {[%clk 1:22:48]} Rd8 {[%clk
1:24:22]} 10. Qa4 {[%clk 1:22:42]} Bd7 {[%clk 1:11:22]} 11. dxc6 {[%clk 1:20:46]}
Bxc6 {[%clk 1:11:43]} 12. Bb5 {[%clk 1:20:02]} Ne7 {[%clk 1:11:42]} 13. O-O
{[%clk 1:18:38]} Rg8 {[%clk 1:10:24]} 14. Re1 {[%clk 1:16:35]} f6 {[%clk
1:10:23]} 15. Bxc6+ {[%clk 1:09:57]} bxc6 {[%clk 1:10:30]} 16. Be3 {[%clk
1:06:47]} g5 {[%clk 1:10:28]} 17. Red1 {[%clk 1:06:55]} Rxd1+ {[%clk 1:10:20]}
18. Rxd1 {[%clk 1:07:18]} g4 {[%clk 1:10:28]} 19. Nd2 {[%clk 1:05:56]} Rg6 {[%clk
1:08:54]} 20. Nf1 {[%clk 0:52:33]} f5 {[%clk 1:07:04]} 21. g3 {[%clk 0:49:59]}
Bh6 {[%clk 1:06:54]} 22. Qxa7 {[%clk 0:47:47]} f4 {[%clk 1:07:00]} 23. gxf4
{[%clk 0:40:17]} exf4 {[%clk 1:07:18]} 24. Qb8+ {[%clk 0:40:30]} Kf7 {[%clk
1:07:33]} 25. Bxf4 {[%clk 0:39:12]} Qf5 {[%clk 1:07:27]} 26. Bxh6 {[%clk
0:33:22]} Rxh6 {[%clk 1:07:48]} 27. Ng3 {[%clk 0:30:22]} Qf3 {[%clk 1:05:49]} 28.
Qb3+ {[%clk 0:29:27]} Kg7 {[%clk 1:06:12]} 29. Nce4 {[%clk 0:28:43]} Qf4 {[%clk
1:06:33]} 30. Qc3+ {[%clk 0:27:44]} Kf7 {[%clk 1:06:34]} 31. Qe3 {[%clk 0:26:48]}
Nd5 {[%clk 1:06:32]} 32. Rxd5 {[%clk 0:26:07]} Qxe3 {[%clk 1:06:50]} 33. Rf5+
{[%clk 0:26:33]} 1-0

[Event "8th Vellmar Chess Days"]
[Site "chess24.com"]
[Date "2016.07.30"]
[Round "4"]
[White "Lutz, Ruben"]
[Black "Buschle, Lukas"]
[Result "1/2-1/2"]
[Board "22"]
[WhiteElo "1733"]
[WhiteCountry "GER"]
[WhiteFideId "12975974"]
[WhiteEloChange "7"]
[BlackElo "2042"]
[BlackCountry "GER"]
[BlackFideId "12923931"]
[BlackEloChange "-7"]

1. d4 {[%clk 1:30:59]} Nf6 {[%clk 1:30:54]} 2. Nf3 {[%clk 1:31:14]} e6 {[%clk
1:31:08]} 3. Bg5 {[%clk 1:31:25]} d5 {[%clk 1:30:58]} 4. e3 {[%clk 1:31:29]} Be7
{[%clk 1:31:09]} 5. c3 {[%clk 1:31:45]} O-O {[%clk 1:27:57]} 6. Nbd2 {[%clk
1:31:52]} b6 {[%clk 1:25:58]} 7. Bd3 {[%clk 1:28:16]} Bb7 {[%clk 1:26:14]} 8. O-O
{[%clk 1:27:59]} Nbd7 {[%clk 1:23:38]} 9. Qe2 {[%clk 1:18:41]} Ne4 {[%clk
1:11:37]} 10. Bxe7 {[%clk 1:18:38]} Qxe7 {[%clk 1:10:58]} 11. Ne5 {[%clk
1:12:26]} Nxe5 {[%clk 1:09:56]} 12. dxe5 {[%clk 1:12:49]} Nxd2 {[%clk 1:04:30]}
13. Qxd2 {[%clk 1:13:13]} Rfd8 {[%clk 1:04:53]} 14. Rad1 {[%clk 1:09:05]} c5
{[%clk 1:03:21]} 15. Qe2 {[%clk 1:07:10]} g6 {[%clk 0:57:48]} 16. Bb1 {[%clk
1:04:49]} a5 {[%clk 0:56:35]} 17. f4 {[%clk 1:00:51]} Ba6 {[%clk 0:49:54]} 18.
Bd3 {[%clk 0:59:57]} Bxd3 {[%clk 0:49:35]} 19. Qxd3 {[%clk 1:00:09]} Rd7 {[%clk
0:39:06]} 20. Rf2 {[%clk 0:56:56]} c4 {[%clk 0:30:55]} 21. Qd4 {[%clk 0:57:09]}
Qc5 {[%clk 0:31:08]} 22. Rfd2 {[%clk 0:56:47]} Qxd4 {[%clk 0:29:16]} 23. exd4
{[%clk 0:57:15]} h5 {[%clk 0:28:51]} 24. g4 {[%clk 0:55:02]} hxg4 {[%clk
0:26:50]} 25. Rg2 {[%clk 0:55:31]} Kg7 {[%clk 0:26:40]} 26. Rxg4 {[%clk 0:55:42]}
b5 {[%clk 0:26:13]} 27. Rf1 {[%clk 0:45:22]} Kf8 {[%clk 0:20:46]} 28. h4 {[%clk
0:43:58]} Ke7 {[%clk 0:19:41]} 29. h5 {[%clk 0:41:00]} gxh5 {[%clk 0:17:24]} 30.
Rg5 {[%clk 0:41:19]} Rdd8 {[%clk 0:14:38]} 31. Rxh5 {[%clk 0:39:13]} Rg8+ {[%clk
0:13:26]} 32. Kf2 {[%clk 0:38:23]} Rh8 {[%clk 0:09:40]} 33. Rfh1 {[%clk 0:36:33]}
Rxh5 {[%clk 0:10:04]} 34. Rxh5 {[%clk 0:37:02]} b4 {[%clk 0:09:53]} 35. f5 {[%clk
0:33:52]} exf5 {[%clk 0:08:54]} 36. Rxf5 {[%clk 0:33:57]} bxc3 {[%clk 0:07:46]}
37. bxc3 {[%clk 0:34:26]} Ra6 {[%clk 0:06:36]} 38. Ke3 {[%clk 0:31:27]} a4 {[%clk
0:06:39]} 39. Kd2 {[%clk 0:26:12]} a3 {[%clk 0:05:44]} 40. Kc1 {[%clk 0:25:42]}
Rh6 {[%clk 0:03:58]} 41. Rf1 {[%clk 0:19:10]} Rh2 {[%clk 0:04:06]} 42. Rf6 {[%clk
0:18:42]} Rxa2 {[%clk 0:22:41]} 43. Ra6 {[%clk 0:43:04]} Ra1+ {[%clk 0:21:33]}
44. Kc2 {[%clk 0:43:21]} Ra2+ {[%clk 0:21:51]} 45. Kc1 {[%clk 0:43:37]} Ra1+
{[%clk 0:21:27]} 46. Kc2 {[%clk 0:44:03]} Kf8 {[%clk 0:21:35]} 1/2-1/2

[Event "8th Vellmar Chess Days"]
[Site "chess24.com"]
[Date "2016.07.30"]
[Round "4"]
[White "Langjahr, Marius"]
[Black "Bergauz, Avigdor"]
[Result "1/2-1/2"]
[Board "23"]
[WhiteElo "1812"]
[WhiteCountry "GER"]
[WhiteFideId "12974625"]
[WhiteEloChange "8"]
[BlackElo "2153"]
[BlackCountry "GER"]
[BlackFideId "12943770"]
[BlackEloChange "-8"]

1. d4 {[%clk 1:30:58]} Nf6 {[%clk 1:05:01]} 2. c4 {[%clk 1:27:18]} g6 {[%clk
1:03:14]} 3. Nc3 {[%clk 1:27:45]} Bg7 {[%clk 1:03:42]} 4. e4 {[%clk 1:28:07]} d6
{[%clk 1:04:08]} 5. f3 {[%clk 1:28:08]} O-O {[%clk 1:04:28]} 6. Be3 {[%clk
1:28:04]} Nc6 {[%clk 1:04:42]} 7. Nge2 {[%clk 1:26:16]} a6 {[%clk 1:05:09]} 8.
Qd2 {[%clk 1:26:20]} Rb8 {[%clk 1:05:07]} 9. Bh6 {[%clk 1:18:19]} Bxh6 {[%clk
1:03:28]} 10. Qxh6 {[%clk 1:18:55]} e5 {[%clk 1:03:44]} 11. d5 {[%clk 1:11:00]}
Nd4 {[%clk 1:03:51]} 12. Nxd4 {[%clk 1:11:28]} exd4 {[%clk 1:04:20]} 13. Ne2
{[%clk 1:11:15]} c5 {[%clk 1:04:38]} 14. Ng3 {[%clk 1:01:01]} b5 {[%clk 0:57:57]}
15. b3 {[%clk 0:57:50]} Bd7 {[%clk 0:55:51]} 16. h4 {[%clk 0:55:25]} Qe7 {[%clk
0:53:10]} 17. Qg5 {[%clk 0:53:27]} Rfe8 {[%clk 0:47:43]} 18. Kf2 {[%clk 0:47:12]}
Rb7 {[%clk 0:40:56]} 19. Be2 {[%clk 0:43:09]} bxc4 {[%clk 0:37:39]} 20. Bxc4
{[%clk 0:43:33]} a5 {[%clk 0:38:07]} 21. Rae1 {[%clk 0:36:13]} Qe5 {[%clk
0:35:14]} 22. Ne2 {[%clk 0:19:50]} h5 {[%clk 0:26:53]} 23. Qxe5 {[%clk 0:17:03]}
Rxe5 {[%clk 0:27:20]} 24. Nf4 {[%clk 0:16:36]} 1/2-1/2

[Event "8th Vellmar Chess Days"]
[Site "chess24.com"]
[Date "2016.07.30"]
[Round "4"]
[White "Nielsen, Michael Volstrup"]
[Black "Dannhaeuser, Kevin"]
[Result "0-1"]
[Board "24"]
[WhiteElo "1827"]
[WhiteCountry "DEN"]
[WhiteFideId "1454749"]
[WhiteEloChange "-4"]
[BlackElo "2056"]
[BlackCountry "GER"]
[BlackFideId "12912760"]
[BlackEloChange "4"]

1. d4 {[%clk 1:30:40]} Nf6 {[%clk 1:31:08]} 2. Nf3 {[%clk 1:30:14]} e6 {[%clk
1:31:08]} 3. g3 {[%clk 1:29:38]} d5 {[%clk 1:30:19]} 4. Bg2 {[%clk 1:30:26]} Be7
{[%clk 1:29:48]} 5. O-O {[%clk 1:30:50]} c6 {[%clk 1:30:04]} 6. b3 {[%clk
1:30:22]} Nbd7 {[%clk 1:29:10]} 7. Ba3 {[%clk 1:29:08]} Ne4 {[%clk 1:27:49]} 8.
Bxe7 {[%clk 1:25:41]} Qxe7 {[%clk 1:28:01]} 9. c4 {[%clk 1:24:49]} O-O {[%clk
1:26:03]} 10. Nbd2 {[%clk 1:24:54]} f5 {[%clk 1:25:47]} 11. Rc1 {[%clk 1:18:49]}
Ndf6 {[%clk 1:22:07]} 12. Ne5 {[%clk 1:12:19]} a5 {[%clk 1:20:10]} 13. c5 {[%clk
0:59:46]} Bd7 {[%clk 1:17:54]} 14. a3 {[%clk 0:55:34]} Be8 {[%clk 1:18:00]} 15.
Ndf3 {[%clk 0:44:56]} Bh5 {[%clk 1:15:24]} 16. Qd3 {[%clk 0:40:52]} Nd7 {[%clk
1:08:45]} 17. Nxd7 {[%clk 0:38:04]} Qxd7 {[%clk 1:09:10]} 18. Ne5 {[%clk
0:38:30]} Qe7 {[%clk 1:08:43]} 19. b4 {[%clk 0:38:38]} axb4 {[%clk 1:09:06]} 20.
axb4 {[%clk 0:39:03]} Ra2 {[%clk 1:09:28]} 21. Rc2 {[%clk 0:31:56]} Rfa8 {[%clk
1:08:34]} 22. Qb3 {[%clk 0:22:09]} R2a3 {[%clk 0:59:37]} 23. Qb2 {[%clk 0:21:30]}
Be8 {[%clk 0:58:17]} 24. Rb1 {[%clk 0:19:31]} Qd8 {[%clk 0:54:56]} 25. Bf1 {[%clk
0:16:50]} R8a4 {[%clk 0:54:05]} 26. e3 {[%clk 0:12:53]} Ra2 {[%clk 0:53:38]} 27.
Qc1 {[%clk 0:09:04]} Qa8 {[%clk 0:53:49]} 28. f3 {[%clk 0:05:02]} Rxc2 {[%clk
0:51:21]} 29. Qxc2 {[%clk 0:05:17]} Nf6 {[%clk 0:47:57]} 30. b5 {[%clk 0:05:10]}
Ra3 {[%clk 0:45:21]} 31. Kf2 {[%clk 0:03:40]} g5 {[%clk 0:43:27]} 32. bxc6 {[%clk
0:03:34]} bxc6 {[%clk 0:43:40]} 33. Be2 {[%clk 0:02:51]} g4 {[%clk 0:41:49]} 34.
fxg4 {[%clk 0:02:48]} fxg4 {[%clk 0:41:58]} 35. Bxg4 {[%clk 0:02:24]} Nxg4+
{[%clk 0:42:14]} 36. Nxg4 {[%clk 0:02:52]} Bg6 {[%clk 0:42:41]} 37. Qc1 {[%clk
0:02:24]} Bxb1 {[%clk 0:40:49]} 38. Qxb1 {[%clk 0:02:52]} Ra2+ {[%clk 0:40:51]}
39. Kg1 {[%clk 0:03:02]} Kh8 {[%clk 0:40:54]} 0-1

[Event "8th Vellmar Chess Days"]
[Site "chess24.com"]
[Date "2016.07.30"]
[Round "4"]
[White "Krausse, Eckhard"]
[Black "Hansult, Manfred"]
[Result "1/2-1/2"]
[Board "25"]
[WhiteElo "2030"]
[WhiteCountry "GER"]
[WhiteFideId "4638174"]
[WhiteEloChange "-4"]
[BlackElo "1886"]
[BlackCountry "GER"]
[BlackFideId "4677030"]
[BlackEloChange "4"]

1. e4 {[%clk 1:30:30]} c6 {[%clk 1:27:26]} 2. d4 {[%clk 1:27:58]} d5 {[%clk
1:27:34]} 3. f3 {[%clk 1:28:11]} dxe4 {[%clk 1:25:40]} 4. fxe4 {[%clk 1:23:42]}
e5 {[%clk 1:25:04]} 5. Nf3 {[%clk 1:23:49]} Be6 {[%clk 1:24:24]} 6. dxe5 {[%clk
1:21:58]} Qxd1+ {[%clk 1:21:26]} 7. Kxd1 {[%clk 1:18:49]} Bc5 {[%clk 1:17:49]} 8.
Bf4 {[%clk 1:12:36]} Ne7 {[%clk 1:09:20]} 9. Nbd2 {[%clk 1:10:40]} O-O {[%clk
0:43:56]} 10. c3 {[%clk 1:07:49]} h6 {[%clk 0:33:57]} 11. Bc4 {[%clk 0:58:35]}
Bxc4 {[%clk 0:20:10]} 12. Nxc4 {[%clk 0:58:21]} b5 {[%clk 0:16:42]} 13. Nd6
{[%clk 0:46:20]} f6 {[%clk 0:13:31]} 14. Kc2 {[%clk 0:28:49]} Ng6 {[%clk
0:10:26]} 15. Bg3 {[%clk 0:28:55]} fxe5 {[%clk 0:10:14]} 16. Rad1 {[%clk
0:28:31]} Na6 {[%clk 0:07:58]} 17. b4 {[%clk 0:25:52]} Bb6 {[%clk 0:07:56]} 18.
Nxe5 {[%clk 0:22:37]} Nxe5 {[%clk 0:08:10]} 19. Bxe5 {[%clk 0:23:03]} Rf2+ {[%clk
0:07:42]} 20. Kb1 {[%clk 0:21:44]} c5 {[%clk 0:07:38]} 21. Nxb5 {[%clk 0:21:03]}
cxb4 {[%clk 0:07:46]} 22. Rd7 {[%clk 0:20:17]} Rxg2 {[%clk 0:07:26]} 23. cxb4
{[%clk 0:14:35]} Re8 {[%clk 0:05:18]} 24. Bb2 {[%clk 0:11:36]} Rxe4 {[%clk
0:05:29]} 25. Nd4 {[%clk 0:08:05]} Nb8 {[%clk 0:02:18]} 26. Rb7 {[%clk 0:04:45]}
1/2-1/2